=LDR 00000nam 2200000 4500 =001 NUTBA000000000004505 =005 20140916093630.0 =006 =007 =008 =020 ##$$a 978-979-756-171-0 =035 ##$$a 0010-091400000000538 =040 ##$$a NBPDMAT =082 ##$$a 572 =090 ##$$a 572 $b Ret b =100 ##$$a Retno Sri Iswari =245 ##$$a Biokimia / $c Retno Sri Iswari =260 ##$$a Yogyakarta : $b Graha llmu, $c 2006 =300 ##$$a viii, 126 hlm. : $b ilus. ; $c 23 cm =650 ##$$a Biokimia =990 ##$$a 21409137